| 000 | 00466nam a2200157 a 4500 | ||
|---|---|---|---|
| 001 | 000031671 | ||
| 005 | 20200930063107.0 | ||
| 008 | 110629s1951 dr 000 0 spa d | ||
| 040 |
_aDO-SdBNP _bspa _cBNPHU |
||
| 041 | 1 | 7 | _aeng |
| 100 | 1 |
_aGarcía Godoy, Emilio _930508 |
|
| 245 | 1 | 0 |
_aGlimpses of our democracy / _cEmilio García Godoy. |
| 260 |
_aCiudad Trujillo, República Dominicana : _bEditora del Caribe, _c1951. |
||
| 300 |
_a11 p. ; _c22 cm. |
||
| 049 | _aBNPD | ||
| 999 |
_c31163 _d31163 |
||